|
|
|
|
| LEADER |
01621nam a2200289 a 4500 |
| 001 |
GR-MES17244 |
| 008 |
150615s2014 gr gz 000 0 gre d |
| 040 |
|
|
|a GrPaTEI
|b gre
|c GR-PaULI
|
| 040 |
|
|
|a GrPaTEI
|b gre
|c GR-PaULI
|
| 100 |
1 |
|
|a Νιωτάκης, Γεώργιος
|
| 245 |
1 |
0 |
|a Αυτοματοποιημένα αντλιοστάσια :
|b μελέτη περίπτωσης του αντλιοστασίου της Τραμ Α.Ε. /
|c Σπουδαστής: Νιωτάκης Γεώργιος ; Εισηγητής: Κουλόπουλος Αθανάσιος.
|
| 260 |
|
|
|a Μεσολόγγι :
|b ΤΕΙ Δυτικής Ελλάδας,
|c 2014
|
| 300 |
|
|
|a 108 σ. :
|b διαγ., είκ., πίν.
|
| 504 |
|
|
|a Βιβλιογραφία: (σ. 92)
|
| 504 |
|
|
|a Περιέχει και παραρτήματα
|
| 650 |
|
4 |
|a ΑΝΤΛΙΕΣ
|
| 650 |
|
4 |
|a Αυτοματισμός
|
| 650 |
|
4 |
|a Προγραματιζόμενοι ελεγκτές
|x Μελέτη περιπτώσεων
|
| 650 |
|
4 |
|a Πτυχιακή εργασία
|y 2014
|
| 700 |
1 |
|
|a Κουλόπουλος, Αθανάσιος
|
| 710 |
0 |
|
|a Σ.ΤΕ.Γ.& ΤΕ.ΤΡΟ.Δ..
|b Τμήμα Μηχανολογίας και Υδάτινων Πόρων
|
| 710 |
0 |
|
|a ΤΕΙ Δυτικής Ελλάδας
|
| 856 |
4 |
0 |
|u https://nereus.library.upatras.gr/formermes//ptyxiakes/steg/steg_myp/2011-2015/612pe.pdf
|
| 942 |
|
|
|2 ddc
|
| 952 |
|
|
|0 0
|1 0
|2 ddc
|4 0
|7 0
|9 275333
|a MSLG
|b MSLG
|c BSC
|d 2021-01-17
|e 24
|f 0
|g 0.00
|l 0
|p 24200612
|r 2021-01-17 00:00:00
|t 1
|v 2021.00
|w 2021-01-17
|y BK15
|x 20150615 0 ΧΑΣΑΝΗ 0
|x GrPaTEI
|
| 971 |
|
|
|a .b25832931
|b 15-04-20
|c 13-09-16
|
| 999 |
|
|
|c 159517
|d 159517
|